LEADER 01347nam a2200289 i 4500 001 000000035047 003 CaOOAMICUS 005 20150526000000.0 008 150526s1974 it u000 u ita u 013 $a2772 040 $aSeMil$bita 100 1 $aLapassade, Georges.$0(OLS)http://semarc/name/16192 240 10$aGroupes, Organisations et Istitutions.$0(OLS)http://semarc/title/47724 245 12$aL'analisi istituzionale :$bgruppi, organizzazioni, istituzioni /$cGeorges Lapassade ; Prefazione all'Edizione Italiana di Renzo Carli. 260 $aMilano :$bISEDI,$ccopyr. 1974. 300 $aXX, 188 p. ;$c23 cm. 490 0 $aCollana di psicosociologia delle organizzazioni ;$v5 500 $aContiene : Bibliografia. 650 4$aPsicologia - Studi.$0(OLS)http://semarc/subject/2427 650 4$aSociologia.$0(OLS)http://semarc/subject/3570 700 1 $aCarli, Renzo.$0(OLS)http://semarc/name/16193 830 0$aCollana di psicosociologia delle organizzazioni ;$v5.$0(OLS)http://semarc/title/43330 850 $aSeMil 852 $aSeMil$W1$xVenegono$y1$m3N III 373$j1202$B1202$CSeMilBibl$Z2$F1202 $81 961 $aOmaggio: Delpini mons. Mario 996 $6245$aL'analisi istituzionale :$bgruppi, organizzazioni, istituzioni$9(OLS)http://semarc/title/47723 996 $6260$aMilano :$bISEDI$9(OLS)http://semarc/publisher/31569 LEADER 01147nam a2200277 i 4500 001 000000060985 003 CaOOAMICUS 005 20081118000000.0 008 081118s1998 it u000 u ita u 013 $a32157 020 $a88-16-40469-8 040 $aSeMil$bita 100 1 $aDerrida, Jacques,$d<1930-2004>.$0(OLS)http://semarc/name/3649 245 10$aAddio a Emmanuel Lévinas /$cJacques Derrida ; a cura di Silvano Petrosino. 260 $aMilano :$bJaca Book,$c1998. 300 $a196 p. ;$c24 cm. 490 0 $aDi fronte e attraverso ;$v469 600 14$aLévinas, Emmanuel <1906-1995>.$0(OLS)http://semarc/subject/8768 700 1 $aPetrosino, Silvano,$d<1955- >.$0(OLS)http://semarc/name/20343 830 0$aDi fronte e attraverso ;$v469.$0(OLS)http://semarc/title/6486 850 $aSeMil 852 $aSeMil$W1$xVenegono$y1$m2P III 496$j27138$B27138$CSeMilBibl$Z2$F27141 $81 961 $aAcquisto: Distributore 996 $6020$a88-16-40469-8$9(OLS)http://semarc/number/37181 996 $6245$aAddio a Emmanuel Lévinas$9(OLS)http://semarc/title/95715 996 $6260$aMilano :$bJaca Book$9(OLS)http://semarc/publisher/29781